Vainqueurs du Tour de France - Mort subite - Statistiques

Statistiques générales
  • Ce quiz a été pris 1 570 fois
  • Le résultat moyen est 4 sur 15
Answers on the Grid
Answers color-coded by a green-red scale on the quiz's grid according to % correct below.
Raymond Poulidor
Luis Ocaña
Gianni Bugno
Joop Zoetemelk
Federico Bahamontes
Sylvère Maes
Lance Armstrong
Jarlinson Pantano
Nairo Quintana
Sean Kelly
Roger Walkowiak
Alberto Contador
Claudio Chiappucci
Pedro Delgado
Gustave Garrigou
Raphaël Géminiani
Alex Zülle
Bjarne Riis
Fränk Schleck
Charly Gaul
Michele Scarponi
Roger Pingeon
Denis Menchov
Gastone Nencini
Bradley Wiggins
Floyd Landis
Andreas Klöden
Hugo Koblet
Richard Virenque
Lucien Aimar
 
Statistiques - réponses
Réponse % Correct
Luis Ocaña
61%
Joop Zoetemelk
50%
Alberto Contador
48%
Federico Bahamontes
48%
Bradley Wiggins
44%
Bjarne Riis
26%
Pedro Delgado
25%
Sylvère Maes
23%
Charly Gaul
19%
Roger Walkowiak
18%
Lucien Aimar
17%
Roger Pingeon
17%
Hugo Koblet
16%
Gastone Nencini
11%
Gustave Garrigou
11%
Aucun quiz correspondant
Distribution des résultats
% des personnes avec chaque résultat
Percentile par nombre de réponses
Votre historique - résultats
Vous n’avez pas pris ce quiz